Statistics for Australian Rugby League Hall of Fame

Click here to take the quiz!

General Stats

  • This quiz has been taken 9 times
    (8 since last reset)
  • The average score is 27 of 110

Answer Stats

Answer% Correct
Andrew Johns
100%
Les Johns
100%
Mal Meninga
100%
Billy Smith
86%
Peter Sterling
86%
Allan Langer
71%
Arthur Beetson
71%
Brad Fittler
71%
Clive Churchill
71%
Laurie Daley
71%
Reg Gasnier
71%
Wally Lewis
71%
Bradley Clyde
57%
Brett Kenny
57%
Dally Messenger
57%
Darren Lockyer
57%
Dave Brown
57%
Gorden Tallis
57%
Joe Pearce
57%
Michael Cronin
57%
Sid (Sandy) Pearce
57%
Stacey Jones
57%
Steve Mortimer
57%
Steve Roach
57%
Steve Rogers
57%
Wayne Pearce
57%
Bob Fulton
43%
Graham Eadie
43%
Johnny Raper
43%
Ray Price
43%
Ricky Stuart
43%
Steve Walters
43%
Terry Lamb
43%
Arthur Summons
29%
Cliff Lyons
29%
Craig Young
29%
Duncan Thompson
29%
Eric Grothe Sr
29%
Frank Burge
29%
Gene Miles
29%
Glenn Lazarus
29%
Graeme Langlands
29%
John Sattler
29%
Norm Provan
29%
Ron Coote
29%
Tom Raudonikis
29%
Bob McCarthy
14%
Brian Clay
14%
Danny Buderus
14%
Harry Bath
14%
Johnny King
14%
John O'Neill
14%
Keith Barnes
14%
Kerry Boustead
14%
Mark Graham
14%
Noel Kelly
14%
Ruben Wiki
14%
Shane Webcke
14%
Steve Menzies
14%
Tom Gorman
14%
Viv Farnsworth
14%
Albert Rosenfeld
0%
Andrew Ettinghausen
0%
Andy Norval
0%
Arthur Clues
0%
Arthur Halloway
0%
Barry Muir
0%
Benny Wearing
0%
Billy Cann
0%
Brian Bevan
0%
Brian Carlson
0%
Brian Davies
0%
Brian Hambly
0%
Cec Blinkhorn
0%
Charles Fraser
0%
Chris McKivat
0%
Dan Dempsey
0%
Dan Frawley
0%
Duncan Hall
0%
Eddie Lumsden
0%
Eric Weissel
0%
Ernie Norman
0%
Frank McMillan
0%
George Treweek
0%
Harold Horder
0%
Harry Wells
0%
Herb Gilbert
0%
Herb Narvo
0%
Herb Steinohrt
0%
Howard Hallett
0%
Ian Walsh
0%
Jack Beaton
0%
Jimmy Craig
0%
Joe Busch
0%
Keith Holman
0%
Kel O'Shea
0%
Ken Irvine
0%
Ken Kearney
0%
Ken Thornett
0%
Les Cubitt
0%
Peter Gallagher
0%
Peter "Mick" Masden
0%
Petero Civoniceva
0%
Ray Stehr
0%
Roy Bull
0%
Tedda Courtney
0%
Vic Armbruster
0%
Vic Hey
0%
Viv Thicknesse
0%
Wally Prigg
0%

Score Distribution

Percentile by Number Answered

Percent of People with Each Score

Your Score History

You have not taken this quiz since the last reset